| Tag |
First Indicator |
Second Indicator |
Subfields |
| LEADER |
00000cam a2200000 a 4500 |
| 001 |
in00000079943 |
| 005 |
20151008055245.0 |
| 008 |
811010s1981 enka j 00110 eng |
| 010 |
|
|
|a 80054727
|
| 015 |
|
|
|a GB***
|
| 020 |
|
|
|a 0531041832 (lib. bdg.)
|
| 035 |
|
|
|a (OCoLC)07371425
|
| 035 |
|
|
|9 AAJ2976AM
|
| 039 |
0 |
|
|a 2
|b 3
|c 3
|d 3
|e 3
|
| 040 |
|
|
|a DLC
|c DLC
|d TXA
|d UtOrBLW
|
| 049 |
|
|
|a [Curr Col] TXAM
|c [1361694]
|
| 050 |
0 |
0 |
|a TK9148
|b .H38
|
| 082 |
0 |
|
|a 621.48
|2 19
|
| 100 |
1 |
|
|a Hawkes, Nigel.
|
| 245 |
1 |
0 |
|a Nuclear /
|c Nigel Hawkes.
|
| 264 |
|
1 |
|a London ;
|a New York :
|b F. Watts,
|c [1981]
|
| 264 |
|
4 |
|c ©1981
|
| 300 |
|
|
|a 38 pages :
|b illustrations ;
|c 30 cm.
|
| 336 |
|
|
|a text
|b txt
|2 rdacontent
|
| 337 |
|
|
|a unmediated
|b n
|2 rdamedia
|
| 338 |
|
|
|a volume
|b nc
|2 rdacarrier
|
| 490 |
1 |
|
|a Energy
|
| 500 |
|
|
|a Includes index.
|
| 520 |
|
|
|a Discusses the scientific and technological background and the advantages and disadvantages of the powerful and controversial form of energy released through the splitting of the atom.
|
| 650 |
|
0 |
|a Nuclear energy
|v Juvenile literature.
|
| 650 |
|
1 |
|a Atomic power.
|
| 650 |
|
1 |
|a Power resources.
|
| 830 |
|
0 |
|a Energy.
|
| 999 |
|
|
|a MARS
|
| 999 |
f |
f |
|s f7d99657-7399-36bf-aec8-160c389a6145
|i 7b951e26-d627-3766-b009-7ab325f56bc6
|t 0
|
| 952 |
f |
f |
|p normal
|a Texas A&M University
|b College Station
|c Sterling C. Evans Library
|d Evans: Curriculum Collection (4th floor)
|t 0
|e TK9148 .H38
|h Library of Congress classification
|i unmediated -- volume
|m A14807207448
|
| 998 |
f |
f |
|a TK9148 .H38
|t 0
|l Evans: Curriculum Collection (4th floor)
|